| 000 | 00405nam a2200181Ia 4500 | ||
|---|---|---|---|
| 001 | 7283 | ||
| 005 | 20260306160444.0 | ||
| 008 | 260306t2007||||xx |||||||||||||| ||spa|| | ||
| 041 | _aESP | ||
| 082 |
_a338.5 _bB45 |
||
| 100 |
_aBernanke, Ben S. _eAUT |
||
| 245 | 0 | _aMicroeconomĂa | |
| 260 | _c2007 | ||
| 300 |
_a496 páginas : _c27 cm. |
||
| 650 | _aGEN | ||
| 654 | _aCAN | ||
| 942 |
_cLIB _dJUS _fJUS _2ddc _n |
||
| 999 |
_c7283 _d7283 |
||